MARC

LEADER 00000n m0a2200000 4500
001 318119
005 20231101020036.0
035 |a (RuTPU)RU\TPU\book\343600 
035 |a RU\TPU\book\152046 
090 |a 318119 
100 |a 20160420d1969 m y0rusy50 ca 
101 0 |a rus 
102 |a RU 
105 |a a j 000zy 
200 1 |a Научные основы управления производством  |e учебник  |f О. В. Козлова [и др.] 
210 |a Москва  |c Экономика  |d 1969 
215 |a 351 с.  |c ил. 
610 1 |a организация 
610 1 |a производство 
610 1 |a управление 
610 1 |a функции 
610 1 |a структура 
610 1 |a экономические методы 
610 1 |a научная организация труда 
610 1 |a учебники 
675 |a 658(075.8)  |v 3 
701 1 |a Козлова  |b О. В.  |g Олимпиада Васильевна 
701 1 |a Гвишиани  |b Д. М. 
701 1 |a Байков  |b Н. Д. 
801 1 |a RU  |b 63413507  |c 20080626  |g PSBO 
801 2 |a RU  |b 63413507  |c 20220927  |g PSBO 
942 |c BK